000 00810nam a22002057a 4500
999 _c4712
_d4712
005 20251125232756.0
008 s2537 th tha d
040 _aNALT
041 _atha
050 _aJQ1745.A5 ส826ห 2537
100 0 _aพัชรินทร์ สิรสุนทร
245 1 0 _aเหตุเกิดที่ศิริราช
260 3 _aนนทบุรี :
_bสถาบันวิทยาศาสตร์สังคม (ประเทศไทย),
_c2537
300 _a141 หน้า ;
_b 21 ซม.
650 0 4 _aไทย -- การเมืองและการปกครอง -- รวมเรื่อง
850 _aNALT
856 4 0 _uhttps://hdl.handle.net/20.500.14156/337723
_71
942 _cGB
_2lcc